| 000 | 05035nam a2200433 i 4500 | ||
|---|---|---|---|
| 001 | ebr10825383 | ||
| 003 | CaPaEBR | ||
| 006 | m o d | ||
| 007 | cr cn||||||||| | ||
| 008 | 041008t20052005pauad ob 001 0 eng|d | ||
| 020 | _z0781751756 | ||
| 020 | _z9780781751759 | ||
| 040 |
_aCaPaEBR _beng _erda _epn _cCaPaEBR |
||
| 035 | _a(OCoLC)874813160 | ||
| 050 | 1 | 4 |
_aRD139 _b.P43 2005eb |
| 082 | 0 | 4 |
_a617.9/67412/0083 _222 |
| 245 | 0 | 0 |
_aPediatric cardiac anesthesia / _ceditors, Carol L. Lake, Peter D. Booker. |
| 250 | _aFourth edition. | ||
| 264 | 1 |
_aPhiladelphia : _bLippincott Williams & Wilkins, _c[2005] |
|
| 264 | 4 | _c�2005 | |
| 300 |
_a1 online resource (802 pages) : _billustrations (some color) |
||
| 336 |
_atext _2rdacontent |
||
| 337 |
_acomputer _2rdamedia |
||
| 338 |
_aonline resource _2rdacarrier |
||
| 504 | _aIncludes bibliographical references and index. | ||
| 505 | 0 | _aHistory of pediatric cardiac anesthesia / Carol L. Lake -- Pediatric heart disease in the developing world / Annette J.M. Davis -- Intrauterine development of the cardiovascular system / Carol L. Lake -- Extrauterine development of the cardiovascular system / Peter D. Booker -- Pediatric anesthesia pharmacology / Ryan Cook, Peter J. Davis, and Richard J. Ing -- Preoperative evaluation and preparation of the pediatric patient with cardiac disease / Ellise Delphin, Ali Inanc Sekin, and Roger A. Moore -- Cardiac catheterization and other radiographic examinations / Ingrid Hollinger and Alexander Mittnacht -- Pediatric electrocardiography and cardiac electrophysiology / Kevin P. Walsh -- Pediatric echocardiography / Wyman W. Lai, H. Helen Ko, and Ira A. Parness -- Anesthetic and perioperative management / Monica A. Stokes -- Monitoring of the pediatric cardiac patient / Carol L. Lake and Harvey L. Edmonds -- Physiology and techniques of extracorporeal circulation in the pediatric patient / James A. DiNardo -- Profound hypothermia and circulatory arrest / James A. DiNardo -- Vital organ preservation during surgery for congenital heart disease / Emad B. Mossad and Ibrahim Farid -- Management of postbypass myocardial dysfunction / Laurie K. Davies -- Hemostasis, coagulation, and transfusion in the pediatric cardiac patient / William C. Oliver, Jr. -- Management of postbypass pulmonary hypertension and respiratory dysfunction / Angus McEwan -- Septal and endocardial cushion defects / Julie K. Hudson and Jayant K. Deshpande -- Tetralogy of Fallot / William A. Lell and F. Bennett Pearce -- Transposition of the great vessels / James A. DiNardo -- | |
| 505 | 0 | _aAnomalies of the aortic arch and valve / David A. Rosen and Kathleen R. Rosen -- Anomalies of the pulmonary valve and right ventricular outflow tract / Ian Adatia and Helen Holtby -- Tricuspid atresia / Susan Tebich -- Hypoplastic left heart syndrome / George M. Hoffman and Eckehard A.E. Stuth -- Double-outlet right ventricle / Julie K. Hudson and Jayant K. Deshpande -- Truncus arteriosus / Ian M. McKenzie -- Anomalies of systemic and pulmonary venous return / Carol L. Lake -- Abnormalities of the atrioventricular valves / Victor C. Baum -- Coronary artery anomalies / Monica A. Stokes -- Cardiomyopathies / Ian M. McKenzie and Robert G. Weintraub -- Pulmonary hypertension, persistent fetal circulation, and Eisenmenger Syndrome / Paul B. Baines and Andrew Selby -- Pediatric cardiac and lung transplantation / Linda J. Mason ... [et al.] -- Secondary vascular anomalies and cardiac tumors / Steven M. Auden -- Anesthesia for noncardiac surgery in children and adults with congenital heart disease / David Frankville -- Postoperative care / Peter D. Booker -- Postoperative cardiovascular dysfunction / Peter D. Booker -- Postoperative respiratory function and its management / Lori A. Aronson and Catherine L. Dent -- Renal, gastrointestinal, hepatic, and neurologic dysfunction / Duncan J. Macrae -- Postoperative pain management in the pediatric cardiac patient / Andrew R. Wolf -- Anesthesia for cardiac procedures in the pediatric intensive care unit / Annette J.M. Davis -- Quality in pediatric cardiac anesthesia / D. Ryan Cook and Lisa Faberowski -- Teaching pediatric cardiac anesthesiology / Chris Chin and Alan Jay Schwartz. | |
| 588 | _aDescription based on print version record. | ||
| 590 | _aElectronic reproduction. Palo Alto, Calif. : ebrary, 2014. Available via World Wide Web. Access may be limited to ebrary affiliated libraries. | ||
| 650 | 0 | _aPediatric anesthesia. | |
| 650 | 0 | _aPediatric cardiology. | |
| 650 | 0 |
_aCongenital heart disease in children _xSurgery. |
|
| 655 | 0 | _aElectronic books. | |
| 700 | 1 | _aLake, Carol L. | |
| 700 | 1 | _aBooker, Peter D. | |
| 776 | 0 | 8 |
_iPrint version: _tPediatric cardiac anesthesia. _dPhiladelphia : Lippincott Williams & Wilkins, [2005] _hxiii, 786 pages ; 29 cm. _z9780781751759 _w(DNLM)101231619 _w(DLC) 2004023923 |
| 797 | 2 | _aebrary. | |
| 856 | 4 | 0 |
_uhttp://site.ebrary.com/lib/rucke/Doc?id=10825383 _zAn electronic book accessible through the World Wide Web; click to view |
| 999 |
_c87392 _d87392 |
||